The American Economic Review Vol. 94, No. 3 / (Record no. 617203)

000 -LEADER
fixed length control field 00416nam a22001457a 4500
020 ## - INTERNATIONAL STANDARD BOOK NUMBER
Qualifying information PB.
040 ## - CATALOGING SOURCE
Transcribing agency Fizza Ishaq
082 ## - DEWEY DECIMAL CLASSIFICATION NUMBER
Classification number 330.98
Author Mark ROB
100 ## - MAIN ENTRY--PERSONAL NAME
Personal name Engle, Robert.
9 (RLIN) 134230
245 ## - TITLE STATEMENT
Title The American Economic Review Vol. 94, No. 3 /
Statement of responsibility, etc. Robert Engle.
250 ## - EDITION STATEMENT
Edition statement Vol 94 No 3.
260 ## - PUBLICATION, DISTRIBUTION, ETC.
Place of publication, distribution, etc. New York :
Name of publisher, distributor, etc. American Economic Association,
Date of publication, distribution, etc. 2004.
300 ## - PHYSICAL DESCRIPTION
Extent 812 p, ;
Dimensions 9.8 x 6.9 x .7 inches
942 ## - ADDED ENTRY ELEMENTS (KOHA)
Source of classification or shelving scheme
Koha item type Book
Holdings
Withdrawn status Lost status Source of classification or shelving scheme Damaged status Not for loan Permanent Location Current Location Shelving location Date acquired Total Checkouts Full call number Barcode Date last seen Price effective from Koha item type
          NUST Baluchistan Campus (NBC) NUST Baluchistan Campus (NBC) General Stacks 04/21/2026   330.98 ROB QD-435 04/21/2026 04/21/2026 Book
© 2023 Central Library, National University of Sciences and Technology. All Rights Reserved.